000 00478nam a2200157 i 4500
001 101651
003 ES-MaACL
007 t|
008 051021s1913 gw ||||1| ger d
100 1 _aMeister, Aloys.
_979857
245 1 0 _aGrundzüge der historischen Methode /
_cvon Dr. Aloys Meister; Geschichtsphilosophie von Dr. Otto Braun.
260 _aLeipzig :
_bB.G. Teubner,
_c1913.
300 _a65 p. ;
_c27 cm.
700 1 _aBraun, Otto.
_931418
852 _aES-MaACL
_jG-15707
999 _c101651
_d101651